000 00833nam a2200265Ia 4500
003 OSt
005 20220928131602.0
006 a|||||r|||| 00| 0
007 ta
008 220927b |||||||| |||| 00| 0 eng d
020 _c6260.3999999999996
024 _a106323
037 _b645, 23/03/2010, Pioneer Book Distributors
_cTextual
040 _aSDCL
_cSDCL
_beng
041 _2eng
_aeng
082 _aXM8:8g, Q0
100 _aAras Guler Ed.
_9460052
245 0 _aHandbook of corporate governance and social responsibility.
260 _aSurrey
_bGower
_c2010
300 _axxvi, 688p
_ccm.
650 _aReference
700 _a Crowther David Ed.
_9452887
942 _hXM8:8g, Q0
_cTEXL
_2CC
999 _c791558
_d791558